书目信息 |
| 题名: |
无机纳米硼酸盐复合阻燃材料制备技术
|
|
| 作者: | 高平强 著 | |
| 分册: | ||
| 出版信息: | 长春 吉林大学出版社 2019 |
|
| 页数: | 285页 | |
| 开本: | 24cm | |
| 丛书名: | ||
| 单 册: | ||
| 中图分类: | TB383 , TQ569 | |
| 科图分类: | ||
| 主题词: | 无机材料--wu ji cai liao--纳米材料--硼酸盐--阻燃剂--材料制备--研究 | |
| 电子资源: | ||
| ISBN: | 978-7-5692-3039-0 | |
| 000 | 01273nam0 2200265 450 | |
| 001 | 012001003508 | |
| 005 | 20140102100322.0 | |
| 010 | @a978-7-5692-3039-0@dCNY65.00 | |
| 099 | @aCAL 012019055140 | |
| 100 | @a20190428d2019 em y0chiy50 ea | |
| 101 | 0 | @achi |
| 102 | @aCN@b220000 | |
| 105 | @aak a 000yy | |
| 106 | @ar | |
| 200 | 1 | @a无机纳米硼酸盐复合阻燃材料制备技术@Awu ji na mi peng suan yan fu he zu ran cai liao zhi bei ji shu@f高平强著 |
| 210 | @a长春@c吉林大学出版社@d2019 | |
| 215 | @a285页@c图@d24cm | |
| 320 | @a有书目 (第273-285页) | |
| 330 | @a本书采用均相沉淀法, 制备了三种不同形貌的新型纳米硼酸锌4ZnO·B2O3·H2O。并以十二醇和油酸作为改性剂, 对自制的新型纳米硼酸锌4ZnO·B2O3·H2O进行表面改性研究, 得到了分散性较好的亲油纳米硼酸锌4ZnO·B2O3·H2O。采用原位聚合的方法, 将自制的纳米硼酸锌4ZnO·B2O3·H2O阻燃剂分别添加到PS和PF聚合体系中, 制备了新型纳米硼酸锌4ZnO·B2O3·H2O/PS和纳米硼酸锌4ZnO·B2O3·H2O/PF两种纳米复合材料。通过XRD、SEM、TGA、FT-IR等手段分析了改性前后纳米硼酸锌4ZnO·B2O3·H2O的结构和形貌。 | |
| 606 | 0 | @a无机材料@Awu ji cai liao@x纳米材料@x硼酸盐@x阻燃剂@x材料制备@x研究 |
| 690 | @aTB383@v5 | |
| 690 | @aTQ569@v5 | |
| 701 | 0 | @a高平强@AGao Pingqiang@4著 |
| 801 | 0 | @aCN@b北京卓展@c20191020 |
| 905 | @b1211913-6@dTB383@e535@f4 | |
| 无机纳米硼酸盐复合阻燃材料制备技术/高平强著.-长春:吉林大学出版社,2019 |
| 285页:图;24cm |
| ISBN 978-7-5692-3039-0:CNY65.00 |
| 本书采用均相沉淀法, 制备了三种不同形貌的新型纳米硼酸锌4ZnO·B2O3·H2O。并以十二醇和油酸作为改性剂, 对自制的新型纳米硼酸锌4ZnO·B2O3·H2O进行表面改性研究, 得到了分散性较好的亲油纳米硼酸锌4ZnO·B2O3·H2O。采用原位聚合的方法, 将自制的纳米硼酸锌4ZnO·B2O3·H2O阻燃剂分别添加到PS和PF聚合体系中, 制备了新型纳米硼酸锌4ZnO·B2O3·H2O/PS和纳米硼酸锌4ZnO·B2O3·H2O/PF两种纳米复合材料。通过XRD、SEM、TGA、FT-IR等手段分析了改性前后纳米硼酸锌4ZnO·B2O3·H2O的结构和形貌。 |
| ● |
| 相关链接 |
|
|
|
|
正题名:无机纳米硼酸盐复合阻燃材料制备技术
索取号:TB383/535
 
预约/预借
| 序号 | 登录号 | 条形码 | 馆藏地/架位号 | 状态 | 备注 |
| 1 | 1211913 | 212119134 | 第二样本阅览室/ [索取号:TB383/535] | 在馆 | |
| 2 | 1211914 | 212119143 | 第三借阅区/ [索取号:TB383/535] | 在馆 | |
| 3 | 1211915 | 212119152 | 第三借阅区/ [索取号:TB383/535] | 在馆 | |
| 4 | 1211916 | 212119161 | 第三借阅区/ [索取号:TB383/535] | 在馆 |